00835nam a2200229 a 450000100100000000500170001000800410002704000250006808200250009310000370011824500640015524600180021926000500023730000210028759000260030865000280033465000320036270000340039491000370042895201230046599900170058800001192820210311001209.0091102s1907 dr 000 p spa d aDO-SdBNPbspacBNPHU aRD861.42bB363a,19101 aBazil, Osvaldod1884-194692463810aArcos Votivos /cOsvaldo Bazil ; prólogo de Conde Kostia.18aArcos Votivos a[La Habana] :b[Avisador Comercial],c[1907]. a100 p. ;c25 cm. aInventariado, 2018/VM 0aPoesía dominicana966 4aLiteratura dominario9282041 aKostia, Condeepról.928205 aValidado. Control de calidad MFF 001050718RVaPDbPDcHDd2009-11-02iLF1l0oRD861.42 B363a,1910p11928-10r2020-06-25w2020-06-25y1ZNo se presta c11598d11598